Na Slovensku pribudne 24 zelených oáz

Bibliographic Details
Format: Article
Language:Slovak
ISSN:1335-7808
Subjects:

MARC

LEADER 00000nab a2200000 a 4500
001 vtls009938910
003 SK-MaSNL
005 20260304153214.0
008 250506c2009 xo |||||||||||000 b|slo
015 |a SNBRB2009/08  |2 snkbucl 
035 |a (uuid)78c1472c-89e7-4d51-8e79-bfec9435f18a 
035 |a urn:nbn:sk:snk-ab14vv 
035 |a (urnnbn)urn:nbn:sk:snk:ar-a03ngk 
038 |a SNKBUCL 
040 |a SNKBUCL  |b slo  |c SNKBUCL  |e AACR2 
041 0 |a slo 
044 |a xo  |c SK 
080 |a 502.1:06.024  |x (437.6)  |2 2001 
080 |a 06.024  |2 2001 
245 0 0 |a Na Slovensku pribudne 24 zelených oáz 
610 2 7 |a Zelené oázy (program)  |2 snkbucl  |9 1475510 
610 2 7 |a Nadácia Ekopolis  |2 snkbucl  |9 30437 
650 0 7 |a grantové programy  |2 SNKPH  |9 5002 
650 0 7 |a environmentálne projekty  |2 snkbucl  |9 79353 
773 0 |t Odpady  |g Roč. 9, č. 3 (2009), s. 39-40  |x 1335-7808 
850 |a Slovenská národná knižnica 
852 |a Slovenská národná knižnica 
954 |a odborná, vedecká literatúra pôvodná (slovenská)  |2 lita 
958 |a article2022 
958 |a SK 
958 |a OND 
958 |a EUIPO 
999 |c 2952880  |d 2954810